01142nam a22002057a 4500003000400000020001500004082001500019100002000034245006500054260002800119300000800147650003500155942001200190952014100202952014400343952014400487952014400631952014400775999001700919SGT a8189747436 a615.5bLAK aLAKSHMI DR P.K  aHANDBOOK OF MEDICINES USAGE IN PREGNANCY AND BREAST FEEDING  aINDIAbBIRLA PUB c2025 a148 aPHARMACOLOGY AND THERAPEUTICS  2ddccBK 00102ddc40718FSaSSSLbSSSLcREFd2025-10-16eABC DELHI g220.00iSGTUo615.5 LAKpDP376r2025-10-16 00:00:00w2025-09-17yBKk21721 00102ddc40708FSaSSSLbSSSLcTXTd2025-10-16eABC DELHI g220.00iSGTUl0o615.5 LAKpDP377r2025-10-16 00:00:00w2025-09-17yBKk21721 00102ddc40708FSaSSSLbSSSLcTXTd2025-10-16eABC DELHI g220.00iSGTUl0o615.5 LAKpDP378r2025-10-16 00:00:00w2025-09-17yBKk21721 00102ddc40708FSaSSSLbSSSLcTXTd2025-10-16eABC DELHI g220.00iSGTUl0o615.5 LAKpDP379r2025-10-16 00:00:00w2025-09-17yBKk21721 00102ddc40708FSaSSSLbSSSLcTXTd2025-10-16eABC DELHI g220.00iSGTUl0o615.5 LAKpDP380r2025-10-16 00:00:00w2025-09-17yBKk21721 c32832d32832